| 000 | 01287nam0a2200325 i 4500 | ||
|---|---|---|---|
| 001 | RU\NLR\BIBL_A\012194747 | ||
| 005 | 20241103183649.0 | ||
| 035 | _a(NLR Aleph) 012194747 | ||
| 090 |
_a10813694 _c10813694 |
||
| 100 | _a20200131d2014 u y0rusy50 ca | ||
| 101 | 0 |
_arus _achi |
|
| 102 | _aRU | ||
| 105 | _aa z 000zy | ||
| 181 | 0 |
_ai _baxxe |
|
| 182 | 0 | _an | |
| 200 | 1 |
_aКрасные врата Небесного пути _eкартины нравов и пейзажей старого Пекина _e[альбом] _fЛю Хункуань |
|
| 203 |
_aТекст _bвизуальный _cнепосредственный |
||
| 210 |
_a[Б. м. _cб. и. _d2014] |
||
| 215 |
_a94 с. _cил. _d29 _eСвиток (1 л. цв. ил., портр., сложен. в [90] с.) |
||
| 300 | _aЧасть текста кит. | ||
| 309 | _aКн. и свиток вложены в футляр | ||
| 320 | _aБиблиогр.: с. 93 | ||
| 607 |
_aПекин, город (Китай) _jАльбомы _xИстория _92244795 _3RU\NLR\AUTH\661346779 |
||
| 686 | 1 | _aТ3(5Кит-2П)я6 | |
| 700 | 0 |
_aЛю Хункуань _f1938- |
|
| 942 | _cBOOK | ||
| 980 | _aNBR | ||